000 00946nam a22002297a 4500
999 _c2432
_d2432
003 AR-CdUCM
008 190304b ||||| |||| 00| 0 spa d
040 _aMUNICIPALIDAD PROVINCIAL DEL CUSCO
_cBIBLIOTECA MUNICIPAL DEL CUSCO
041 _aeng.
082 _a380.1 /
_bE45
100 _aElzey, Freeman
_98731
245 _aEstadística aplicada al comercio y la economía /
260 _aBuenos Aires :
_bEdic.Marymar,
_c1973.
300 _a488 paginas ;
_c23 cm.
505 _aContenido :Ordenamiento de los datos: distribución de frecuencia --Medidas de tendencia central:modo y mediana --Medidas de tendencia central :media --Comparación de las medidas de tendencia central. Percentiles --Medidas de variabilidad:recorrido,curvas de distribución ...
650 _aEstadísticas
_94614
650 _aComercio
_9322
650 _aEconomia
_9382
700 _aCristina Wirth (traductor)
_98732
942 _2ddc
_cLIBROS
945 _arjall